000
00365 a2200181 4500
260
_a
Paris
260
_b
éd. Marketing
245
_a
Réanimation
650
_a
REANIMATION
100
_a
Mercat, A.
260
_c
1994
300
_a
80 p.
035
_a
8538
035
_a
8537
999
_c
18275
_d
18275